000
00268nam a22001097a 4500
008
240710b |||||||| |||| 00| 0 eng d
100
_a
Sharma, Dwarka Prasad
_9
16778
245
_a
Sharnathi
260
_a
Bombay:
_b
Lok Sewa Mandal;
_c
1965.
300
_a
94p.
942
_c
BK
999
_c
39918
_d
39918